000
00308nam a22001337a 4500
008
171012b xxu||||| |||| 00| 0 eng d
020
_a
9780131850514
041
_a
eng
080
_2
6TH
_a
316
100
_a
50
101
_a
SOC
245
_a
CONTEMPORARY SOCIOLOGICAL THEORY
_c
WALLACE,R.A
942
_2
udc
_c
BK
999
_c
33466
_d
33466